000 00480 a2200169 4500
003 OSt
005 20250610140237.0
008 250528b |||||||| |||| 00| 0 eng d
020 _a9789386538178
040 _coclc
082 _a289.9
_bALL/J
100 _aAllen, James
_9258
245 _aAs a man Thinketh /
_cJames Allen
260 _aNew Delhi:
_bFingerprint! Publishing,
_c2017.
300 _a96 pages
942 _2ddc
_cBK
_h289.9
_iALL/A
_k289.9
_mALL/A
999 _c44570
_d44570